000
00360nam a2200169Ia 4500
008
191121s9999||||xx |||||||||||||| ||und||
020
_a
9789280115192
040
_a
IMU-MPC
082
_a
Column-5
100
_a
IMO
245
0
_a
Resolutions and other decisions
260
_a
London
260
_b
IMO
260
_c
2010
300
_a
vi, 353
942
_c
BK
999
_c
2158
_d
2158